Te Echo De Menos - Marko Silva, Bryant Myers - Estadísticas

Estadísticas generales
  • Esta prueba ha sido intentada 117 veces
  • La puntuación promedio es 155 de 350
Estadísticas de respuestas
Letra % Correcto
a
80%
A
80%
me
80%
aunque
60%
Aunque
60%
celos
60%
dan
60%
de
60%
echo
60%
en
60%
En
60%
menos
60%
no
60%
No
60%
nos
60%
Pero
60%
¿qué
60%
si
60%
Siempre
60%
te
60%
un
60%
vemos
60%
y
60%
Y
60%
arrancarte
40%
Baby
40%
baby
40%
besos
40%
bueno
40%
buenos
40%
cara
40%
Como
40%
como
40%
con
40%
corazón
40%
creí
40%
Cuando
40%
deseo
40%
día
40%
el
40%
encontrado
40%
eres
40%
es
40%
esos
40%
estás
40%
extraño
40%
Hace
40%
he
40%
Hoy
40%
la
40%
le
40%
malos
40%
manera
40%
más
40%
máscara
40%
40%
mi
40%
Mi
40%
mía
40%
momentos
40%
montón
40%
mucho
40%
Oigo
40%
pa'
40%
payaso
40%
piel
40%
pienso
40%
podía
40%
que
40%
sonrisa
40%
ti
40%
40%
40%
Tu
40%
tu
40%
Tus
40%
tus
40%
Una
40%
una
40%
veo
40%
voy
40%
voz
40%
yo
40%
Yo
40%
ajeno
20%
amor
20%
apretón
20%
Aveces
20%
aveces
20%
borré
20%
brazos
20%
calentón
20%
cama
20%
casados
20%
cáscara'
20%
cielo
20%
comparas
20%
compro
20%
conmigo
20%
cumplimos
20%
Darte
20%
Dios
20%
diste
20%
distinta
20%
dormía
20%
eras
20%
escampará
20%
estar
20%
falta
20%
fortuna
20%
fotos
20%
gemidos
20%
Gucci
20%
hacer?
20%
hay
20%
lágrimas
20%
lámpara
20%
las
20%
llama
20%
llego
20%
lluvia
20%
lluvias
20%
Louis
20%
luna
20%
miel
20%
millón
20%
mis
20%
Mujer
20%
nadie
20%
ninguna
20%
nunca
20%
Nunca
20%
olvido
20%
oscuridad
20%
pido
20%
pleno
20%
Prada
20%
Promesas
20%
quedó
20%
quiero
20%
relación
20%
rompió
20%
ruido
20%
Se
20%
se
20%
sentir
20%
Sin
20%
soy
20%
tan
20%
tenía
20%
tipo
20%
toda
20%
tornó
20%
trates
20%
truenos
20%
unía
20%
unidos
20%
vales
20%
vamos
20%
Versa
20%
Vivo
20%
vos
20%
vuelva
20%
Vuitton
20%
soga
0%
No se encontraron pruebas coincidentes
Distribución de puntuación
Porcentaje de gente con cada puntuación
Porcentaje por número respondido
Historial de tus puntuaciones
No has intentado esta prueba.